| 000 | 00736nam a2200205Ia 4500 | ||
|---|---|---|---|
| 001 | 16583 | ||
| 003 | GE_BSU | ||
| 008 | 181216s||||||||xx |||||||||||||| ||und|| | ||
| 040 | _cGE_BSU | ||
| 080 | _a821.353.1-391 | ||
| 100 | _aორბელიანი, სულხან-საბა (1658-1725) | ||
| 245 | _aსიბრძნე სიცრუისა | ||
| 245 | _cგ. ლეონიძის წინასიტყვ. და სოლომონ იორდანიშვილის რედ. | ||
| 260 | _aთბილისი | ||
| 260 | _bსაბჭ. მწერალი | ||
| 260 | _c1957 | ||
| 300 | _a179გვ. ; 21სმ | ||
| 653 | _aსიბრძნე სიცრუისა | ||
| 942 | _cBK | ||
| 999 |
_c49651 _d49651 |
||